Applied time series (Record no. 182)

MARC details
000 -LEADER
fixed length control field 00433 a2200181 4500
001 - CONTROL NUMBER
control field 065956
003 - CONTROL NUMBER IDENTIFIER
control field OSt
005 - DATE AND TIME OF LATEST TRANSACTION
control field 20251210143420.0
008 - FIXED-LENGTH DATA ELEMENTS--GENERAL INFORMATION
fixed length control field
082 ## - DEWEY DECIMAL CLASSIFICATION NUMBER
Classification number 519.55
Item number C77A
100 1# - MAIN ENTRY--PERSONAL NAME
Personal name Cooray, T.M.J.A.
245 1# - TITLE STATEMENT
Title Applied time series
Statement of responsibility, etc By T.m.j.a. Cooray
260 ## - PUBLICATION, DISTRIBUTION, ETC. (IMPRINT)
Place of publication, distribution, etc New Delhi
Name of publisher, distributor, etc Narosa
Date of publication, distribution, etc 2008
300 ## - PHYSICAL DESCRIPTION
Extent 280p.
500 ## - GENERAL NOTE
General note English
690 ## - LOCAL SUBJECT ADDED ENTRY--TOPICAL TERM (OCLC, RLIN)
Topical term or geographic name as entry element Time-series analysis
942 ## - ADDED ENTRY ELEMENTS (KOHA)
Source of classification or shelving scheme Dewey Decimal Classification
Koha item type Books
Holdings
Withdrawn status Lost status Source of classification or shelving scheme Damaged status Not for loan Collection code Home library Current library Department Date acquired Source of acquisition Coded location qualifier Cost, normal purchase price Inventory number(Invoice/Date) Total Checkouts Full call number Barcode Date last seen Date checked out Price effective from Koha item type Public note
    Dewey Decimal Classification     General Text Book Central University Of Rajasthan Central University Of Rajasthan Mathematics 07/03/2012 MTH Book Fair 250.00 00094/03-02-2010 3 519.55 C77A 242 21/11/2024 15/02/2023 02/09/2020 Books Narosa, New Delhi